Normal view
MARC view
Entry Personal Name
001 - CONTROL NUMBER
- control field: 1237213
003 - CONTROL NUMBER IDENTIFIER
- control field: OSt
005 - DATE AND TIME OF LATEST TRANSACTION
- control field: 20260430150338.0
008 - FIXED-LENGTH DATA ELEMENTS
- fixed length control field: 260430|| aca||aabn | a|a d
040 ## - CATALOGING SOURCE
- Original cataloging agency: OSt
- Transcribing agency: OSt
100 ## - HEADING--PERSONAL NAME
- Personal name: University of Delhi. Faculty of Inter- Disciplinary & Applied Science. Deptt. of Electronics Science
670 ## - SOURCE DATA FOUND
- Source citation: Work cat.: (OSt)1849564: Katiyar Suleshma Au.; Jogi Jyotika Gu. 1237212, Modeling and Simulation of Ambipolar Transport in Organic Field-Effect Transistor for Light Emitting Applications, 2023
